000 00695cam a22002531 4500
001 sa 67002815
003 DLC
005 20260227112333.0
008 890809s1966 ii cj b 000 0 beno
010 _asa 67002815
035 _a(OCoLC)20149826
040 _aDLC
_cWaU
_dDLC
042 _apremarc
050 0 0 _aPK1725
_b.B29
100 1 _aBanerjee, Hiranmay,
_d1905-
245 1 0 _aṬhākurabār̥īra kathā.
260 _c[1966]
300 _a6, 280 p.
_bgeneal. tables, ports.
_c22 cm.
500 _aIn Bengali.
504 _aList of Tagore's works: p. 267-270.
504 _aBibliographical footnotes.
600 1 0 _aTagore, Rabindranath,
_d1861-1941.
600 3 0 _aTagore family.
999 _c73445
_d73445